Misterio del espejo embrujado / (Registro nro. 11703)

Detalles MARC
000 -LIDER
fixed length control field 00937nam a22002777a 4500
001 - NÚMERO DE CONTROL
Identificador de número de control 000608
003 - IDENTIFICACDOR DE NÚMERO DE CONTROL
control field DO-SdBNP
005 - DATE AND TIME OF LATEST TRANSACTION
control field 20180131145645.0
007 - CAMPOS FIJOS DE DESCRIPCIÓN FÍSICA
fixed length control field 000608
008 - ELEMENTOS DE LONGITUD FIJA
fixed length control field 161027b 1991 sp a ||||| |||| 00| 0 spa d
020 ## - ISBN
International Standard Book Number 8427249217
040 ## - FUENTE DE CATALOGACIÓN
Agencia que crea de manera original el registro BPMSU
Idioma de catalogación spa
Agencia que realiza la transcripción BPMSU
041 17 - CÓDIGOS DE OBRAS TRADUCIDAS O EN VARIOS IDIOMAS
Código del idioma del texto/archivo de sonido o separata spa
Cód. del idioma original y/o traducciones intermedias del texto eng
082 ## - NÚMERO DE CLASIFICACIÓN DECIMAL DE DEWEY
Classification number xxxx
Item number xxxx
100 1# - ASIENTO PRINCIPAL -- NOMBRE PERSONAL
Nombre personal Carey, M. V.
240 10 - TITULO UNIFORME
Título uniforme The secret of the haunted mirror.
Idioma de una obra Español
245 10 - MENCIÓN DE TITULO
Título Misterio del espejo embrujado /
Mención de responsabilidad texto de M.V. Carey ; traducción de C. Unterlohner ; ilustraciones de R. Escolano.
260 ## - PUBLICACIÓN, DISTRIBUCIÓN, ETC. (PIE DE IMPRENTA)
Lugar de publicación, distribución, etc Barcelona :
Nombre del editor, distribuidor, etc. Molino,
Fecha de publicación, distribución, etc 1991.
300 ## - DESCRIPCIÓN FÍSICA
Extensión 175 p. :
Otros detalles físicos il. ;
Dimensiones 21 cm.
490 1# - MENCIÓN DE SERIES
Mención de serie Alfred Hitchcock y los tres investigadores
Volume/sequential designation 21
500 ## - NOTA GENERAL
Nota general Traducción de: The secret of the haunted mirror.
830 #0 - ASIENTO SECUNDARIO DE SERIE--TÍTULO UNIFORME
Título uniforme Alfred Hitchcock y los tres investigadores ;
Volume number/sequential designation 21
942 ## - ADDED ENTRY ELEMENTS (KOHA)
Source of classification or shelving scheme Dewey Decimal Classification
Koha item type Libros
945 ## - INFORMACIÓN DE PROCESAMIENTO LOCAL
Información de procesamiento local Inventariado, 2018/ YL
956 ## - LOCAL ELECTRONIC LOCATION AND ACCESS (OCLC)
Método de acceso LOPEREZ
Materiales especificados 10
Enlace 20161027
Campo enlazado y núm. de secuencia BPMSU
Nombre de host 00041
Existencias
Withdrawn status Lost status Source of classification or shelving scheme Damaged status Not for loan Collection code Home library Current library Date acquired Source of acquisition Total Checkouts Full call number Barcode Date last seen Price effective from Koha item type
    Dewey Decimal Classification     Colección Juvenil General Biblioteca Pública Metropolitana Salomé Ureña Biblioteca Pública Metropolitana Salomé Ureña 10/27/2016 Donación   xxxx xxxx BPMSU16100407 10/27/2016 10/27/2016 Libros